1448 1366 1442 1731 1455 1168 1021 1119 1246 1777 1316 1370 1509 1537 1597 1633 1894 1135 1877 1696 1122 1433 1207 1304 1822 1787 1335 1086 1593 1146 1029 1234 1779 1259 1235 1988 1820 1502 1973 1480 1887 1932 1424 1065 1641 1206 1992 1595 1810 1426 1809 1402 1833 1655 1710 1599 1401 1819 1549 1842 1096 1862 1487 1858 1309 1341 1697 1747 1648 1334 1536 1956 1464 1762 1658 1203 1650 1842 1521 1434 1984 1949 1520 1209 1096 1526 1476 1570 1255 1955 1935 1666 1223 1723 1207 1574 1933 1871 1218 BCNSPRNW ULIB Ver.6.0+V

เปลี่ยนเป็นภาษาไทย

Change to English
 แสดงรายละเอียดบรรณานุกรม
  กลับหน้าหลัก

Brief Record : Get Marc (ISO 2709) : E-mail record : QR code < ปิดหน้าต่าง
LEADER : 00000nam 2200000uu 4500
001    13399114189
003     ULIB
008    120228s2550||||th 000 0 tha d
020    ^a9789748817064
060 04 ^aWY11^bว559ป 2550
100 0  ^aวิเชียร ทวีลาภ
245 10 ^aประวัติและวิวัฒนาการการพยาบาลในประเทศไทย พ.ศ. 2439/^cวิเชียร ทวีลาภ
250    ^aพิมพ์ครั้งที่ 1
260    ^aกรุงเทพฯ :^bวัฒนกิจพาณิชย์,^c2550
300    ^a[14], 145 หน้า :^bภาพประกอบ ;^c21 ซม.
650  4 ^aการพยาบาล
650  4 ^aประวัติการพยาบาล
945    ^p0^l0^i18817
945    ^p0^l0^i18818
995    ^aกัณชพร
999 ^a ใช้งานได้ทุกระบบ
รายการนี้ยังไม่มีแท็ก
คุณยังไม่ได้ล็อกอิน คุณสามารถมีกิจกรรมร่วมกับเว็บไซต์ได้ แต่ต้องล็อกอินก่อน ::
  ล็อกอิน

รายการสื่อสารสนเทศ

ลำดับที่ ประเภท เลขเรียก/บาร์โค้ด สถานที่ สถานะ
- ไม่พบข้อมูล -

รายการใกล้เคียง
    ผู้แต่ง [วิเชียร ทวีลาภ]

    หัวเรื่อง [การพยาบาล]
    หัวเรื่อง [ประวัติการพยาบาล]

BibComment


ยังไม่เคยถูกคอมเมนท์

คอมเมนท์ทรัพยากรรายการนี้
  คอมเมนท์: ประวัติและวิวัฒน..


 Copyright 2026. Bcnsprnw @Library